Gen - Chẩn đoán và điều trị các bệnh phân tử về gen
Khái niệm về gen và công nghệ gen. Các phương pháp xác định gen và công nghệ biểu hiện gen. Một số bệnh của gen và ứng dụng của công nghệ gen trong y học. Gen và hai căn bệnh của thế kỷ là ung thư và HIV/AIDS. Các công trình của tác giả ứng d...
Đã lưu trong:
| 主要作者: | |
|---|---|
| 其他作者: | |
| 格式: | 图书 |
| 语言: | Undetermined |
| 出版: |
H.
Khoa học Tự nhiên và Công nghệ
2014
|
| 主题: | |
| 在线阅读: | http://lrc.tdmu.edu.vn/opac/search/detail.asp?aID=2&ID=41680 |
| 标签: |
添加标签
没有标签, 成为第一个标记此记录!
|
| Thư viện lưu trữ: | Trung tâm Học liệu Trường Đại học Thủ Dầu Một |
|---|
| LEADER | 01301nam a2200217Ia 4500 | ||
|---|---|---|---|
| 001 | TDMU_41680 | ||
| 008 | 210410s9999 xx 000 0 und d | ||
| 082 | |a 515.355 | ||
| 090 | |b Đ103 | ||
| 100 | |a Đái, Duy Ban | ||
| 245 | 0 | |a Gen - Chẩn đoán và điều trị các bệnh phân tử về gen | |
| 245 | 0 | |c Đái Duy Ban | |
| 260 | |a H. | ||
| 260 | |b Khoa học Tự nhiên và Công nghệ | ||
| 260 | |c 2014 | ||
| 300 | |a 477tr. | ||
| 520 | |a Khái niệm về gen và công nghệ gen. Các phương pháp xác định gen và công nghệ biểu hiện gen. Một số bệnh của gen và ứng dụng của công nghệ gen trong y học. Gen và hai căn bệnh của thế kỷ là ung thư và HIV/AIDS. Các công trình của tác giả ứng dụng công nghệ gen trong nghiên cứu chẩn đoán sớm bệnh ung thư vòm họng, UTV và ung thư gan tiên phát; Thư mục: tr. 475-477 | ||
| 650 | |a Công nghệ sinh học |x Gen; Công nghệ Gen | ||
| 700 | |a Viện Hàn lâm Khoa học và Công nghệ Việt Nam | ||
| 856 | |u http://lrc.tdmu.edu.vn/opac/search/detail.asp?aID=2&ID=41680 | ||
| 980 | |a Trung tâm Học liệu Trường Đại học Thủ Dầu Một | ||